000 00436nam a22001577a 4500
999 _c5689
_d5689
003 GBCCL
005 20241126110547.0
008 180404b ||||| |||| 00| 0 eng d
040 _cgbc
082 _a220.07
_bTOG
245 _aTogether - To learn:
_bA manual for group Bible study
260 _aDelhi:
_bDiscipleship Centre,
_c1978
300 _a34 p.;
_bill.,
_c18 cm.
650 _aBible
_vGroup study
_xManual
_910274
942 _2ddc
_cBK
_02